Normal view
MARC view
- Medicine, Malay (Asian people)
Entry Topical Term
001 - CONTROL NUMBER
- control field: 2970
003 - CONTROL NUMBER IDENTIFIER
- control field: OSt
005 - DATE AND TIME OF LATEST TRANSACTION
- control field: 20170509161902.0
008 - FIXED-LENGTH DATA ELEMENTS
- fixed length control field: 170509|| aca||aabn | a|a d
040 ## - CATALOGING SOURCE
- Original cataloging agency: OSt
- Transcribing agency: OSt
150 ## - HEADING--TOPICAL TERM
- Topical term or geographic name entry element: Medicine, Malay (Asian people)
- General subdivision: Formulae, receipts, prescriptions
670 ## - SOURCE DATA FOUND
- Source citation: Work cat.: (OSt)0: Rahsia merawat penyakit secara tradisional /, 1999

PORTAL AKMAL
E-MEL JKDM
AKMAL2U
G-BAM
u-PUSTAKA